000 01395cam a22003497a 4500
003 CHAP
005 20220817043622.0
008 980316m1995 mx ab r 10110 spa d
010 _a79900
011 _a80872
035 _a91326
040 _cCHAP
082 0 4 _a633.73063
_bS5 1993
111 0 0 _aSimposio Latinoamericano sobre Caficultura
_n( 16 :
_d1993 :
_cManagua, Nicaragua)
245 1 0 _aMemoria
_c/por Programa Cooperativo Regional para el Desarrollo Tecnológico y Modernización de la Caficultura en México, Centroamerica, República Dominicana y Jamaica
260 0 _aManagua, Nicaragua :
_bInstituto Interamericano de Cooperación para la Agricultura,
_c1995-199
300 _av. :
_bilus. ; mapas ; gráfs.
501 _aLa biblioteca tiene : v.1, v.2
590 _aBATCH-UPD
_b10
_c20130110
_lUCH01
_h0633
590 _aBATCH-UPD
_b10
_c20130410
_lUCH01
_h0317
590 _aBATCH-UPD
_b10
_c20130914
_lUCH01
_h0809
590 _aCONVERSION
_b10
_c20130109
_lUCH01
_h1344
650 1 4 _aCafé
_xCongresos.
_917117
650 1 4 _aCafé
_xPlagas.
_917181
650 1 4 _aCafé
_xSubproductos.
_917203
650 1 4 _aCafeticultores.
_917080
901 _aBK
905 _aAlejandra Carrasco M.
942 _cLIBRO
949 _a633.73063 S5 1993
_bBC
_cLIBRO
_d33724000741682
_eLIBRO
_fv.2
_h96655
_i91326
_sb
949 _a633.73063 S5 1993
_bBC
_cLIBRO
_d33724000741799
_eLIBRO
_fv.1
_h96654
_i91326
_si
999 _c79900
_d79900